Babits Mihály A gólyakalifa című regényének elemző bemutatása

Elmentve itt :
Bibliográfiai részletek
Szerző: Bujda Lajosné
További közreműködők: Odorics Ferenc (Témavezető)
Dokumentumtípus: Szakdolgozat
Megjelent: 2011
Tárgyszavak:
Online Access:http://diploma.bibl.u-szeged.hu/138621
LEADER 00803nta a2200205 i 4500
001 dipl138621
005 20240409114800.0
008 240402s2011 hu om 0|| hun d
040 |a SZTE Diploma Repozitórium  |b hun 
041 |a hun 
100 1 |a Bujda Lajosné 
245 1 0 |a Babits Mihály A gólyakalifa című regényének elemző bemutatása  |h [elektronikus dokumentum] /  |c Lajosné Bujda 
260 |c 2011 
650 4 |a Bölcsészettudományok 
650 4 |a Humanities 
650 4 |a Languages and Literature 
650 4 |a General literature studies 
700 0 1 |a Odorics Ferenc  |e ths 
856 4 0 |u https://diploma.bibl.u-szeged.hu/id/eprint/138621/1/2011_bujda_lajosne.pdf  |z Dokumentum-elérés  
856 4 0 |u https://diploma.bibl.u-szeged.hu/id/eprint/138621/2/2011_bujda_lajosne_biralat.pdf  |z Dokumentum-elérés